| Tag |
First Indicator |
Second Indicator |
Subfields |
| LEADER |
00000cam a2200000 a 4500 |
| 001 |
in00000083228 |
| 005 |
20151008055628.0 |
| 008 |
820423s1981 mnua b 10000 eng |
| 010 |
|
|
|a 81071369
|
| 020 |
|
|
|a 0913250228
|
| 035 |
|
|
|a (OCoLC)08451690
|
| 035 |
|
|
|9 AAJ3965AM
|
| 039 |
0 |
|
|a 2
|b 3
|c 3
|d 3
|e 3
|
| 040 |
|
|
|a DLC
|c DLC
|d TXA
|d UtOrBLW
|
| 049 |
|
|
|a TXAM
|c [800997]
|
| 050 |
0 |
0 |
|a SB188.2
|b .C368
|
| 082 |
0 |
|
|a 633.1
|2 19
|
| 245 |
0 |
0 |
|a Cereals, a renewable resource :
|b theory and practice /
|c Y. Pomeranz, Lars Munck, editors.
|
| 264 |
|
1 |
|a St. Paul, Minn. :
|b American Association of Cereal Chemists,
|c [1981]
|
| 264 |
|
4 |
|c ©1981
|
| 300 |
|
|
|a 728 pages :
|b illustrations ;
|c 24 cm.
|
| 336 |
|
|
|a text
|b txt
|2 rdacontent
|
| 337 |
|
|
|a unmediated
|b n
|2 rdamedia
|
| 338 |
|
|
|a volume
|b nc
|2 rdacarrier
|
| 500 |
|
|
|a "Proceedings of the International Symposium on Cereals, a Renewable Resource, Theory and Practice that was held in Copenhagen, Denmark, in August 1981 under the sponsorship of the American Association of Cereal Chemists and the Danish Cereal Society in association with the Carlsberg Research Center"--P. 1.
|
| 504 |
|
|
|a Includes bibliographical references.
|
| 650 |
|
0 |
|a Grain
|v Congresses.
|
| 700 |
1 |
|
|a Pomeranz, Y.
|q (Yeshajahu),
|d 1922-
|
| 700 |
1 |
|
|a Munck, Lars.
|
| 710 |
2 |
|
|a American Association of Cereal Chemists.
|
| 710 |
2 |
|
|a Danish Cereal Society.
|
| 710 |
2 |
|
|a Carlsberg Research Center.
|
| 711 |
2 |
|
|a International Symposium on Cereals, a Renewable Resource, Theory and Practice
|d (1981 :
|c Copenhagen, Denmark)
|
| 999 |
|
|
|a MARS
|
| 999 |
f |
f |
|s e5610249-8728-3d96-97fe-94408887d558
|i a43e50ad-1098-382a-a989-007cd8e78a52
|t 0
|
| 952 |
f |
f |
|p ric
|a Texas A&M University
|b Rellis Campus
|c Joint Library Facility
|d Remote Storage
|t 0
|e SB188.2 .C368
|h Library of Congress classification
|i unmediated -- volume
|m A14806235139
|
| 998 |
f |
f |
|a SB188.2 .C368
|t 0
|l Remote Storage
|